00462cam a2200169ua 45000010005000000080039000050200018000440400009000620820008000711000028000792450056001072500009001632600035001723000017002076530044002246530024002682884110913n ii |||gr||||Z||||||asm a81-85905-48-7 cMAIN a9201 aSarmah, Govinda Prasad,11aJivani aru asamiya jivanicby Govinda Prasad Sarmah a2nd. aGuahati:bStudents stores,993. a160p:c23cm. aBiograpghy of Jivani aru asamiya jivani aAssamese Biography